000 00342nam a2200121Ia 4500
008 240731s9999 xx 000 0 und d
022 _a1751-6978
245 0 _aTime and Mind : The Journal of Archaeology, Consciousness and Culture
260 _bRoutledge
856 _uhttps://www.tandfonline.com/loi/rtam20
942 _2ddc
942 _cTFEJ
999 _c80143
_d80143
945 _a1
_bMadushi Gamage
_c1
_dMadushi Gamage